| 000 | 01708nam0a2200337 4500 | ||
|---|---|---|---|
| 001 | RU\NLR\bibl\1074435 | ||
| 005 | 20260405100638.0 | ||
| 010 |
_a5-7568-0672-5 _9150 |
||
| 021 |
_aRU _b2007-14712 _9789 |
||
| 035 | _a(NLR Aleph) 001061642 | ||
| 090 |
_a942389 _c942389 |
||
| 100 | _a20070417d2006 |||y0rusy50 ca | ||
| 101 | 0 | _arus | |
| 102 | _aRU | ||
| 105 | _aa ||||||||| | ||
| 200 | 1 |
_aПолитология _eучебное пособие _eдля студентов негуманитарных специальностей изучающих политологию _e[заочная дистанционная форма обучения] _fВ.В. Дмитриев, В.И. Золотов, Л.Н. Цветков _gМ-во образования и науки Рос. Федерации, Алт. гос. техн. ун-т им. И.И. Ползунова |
|
| 205 | _a[2-е изд., испр. и доп.] | ||
| 210 |
_aБарнаул _cИзд-во АлтГТУ _d2006 |
||
| 215 |
_a302,[1] с. _cил. _d20 |
||
| 320 | _aБиблиогр. в тексте кн. | ||
| 606 | 1 |
_aПолитология _jУчебные издания для высших учебных заведений _91294414 _3RU\NLR\auth\66217824 |
|
| 686 | _aФ.я73 | ||
| 700 | 1 |
_4070 _8rus _7ca _aДмитриев _bВ. В. _cканд. истор. наук _gВиктор Васильевич _3RU\NLR\auth\7736783 _919772 |
|
| 701 | 1 |
_aЗолотов _bВ. И. _gВладимир Иванович _4070 |
|
| 701 | 1 |
_aЦветков _bЛ. Н. _gЛеонид Николаевич _4070 |
|
| 801 | 0 |
_aRU _bNLR _c20070417 _gRCR |
|
| 801 | 1 |
_aRU _bNLR _c20070417 |
|
| 830 | _aавт. по кн. | ||
| 942 | _cBOOK | ||
| 980 | _aNB | ||